Konjunktúrne cykly a vlnenie v trhovom prostredí

Základné charakteristiky konjunktúry. Konjunktúrne indikátory - odzrkadľujú vývoj v národnom hospodárstve a príslušné fázy konjunktúrneho cyklu. Fázy konjunktúrneho cyklu: expanzia, kríza, kontrakcia, depresia. Konjunktúrne cykly (krátke, stredné a dlhé vlny). Príčiny konjunktúrneho vlnenia.

Na minha lista:
Detalhes bibliográficos
Autor principal: Mokrý, Vladimír
Formato: Capítulo de Livro
Idioma:eslovaco
inglês
Assuntos:
Tags: Adicionar Tag
Sem tags, seja o primeiro a adicionar uma tag!

MARC

LEADER 00000naa a2200000 4500
001 r022355
005 20221205114645.8
041 0 |a slo 
041 0 |a eng 
044 |a SK 
245 1 0 |a Konjunktúrne cykly a vlnenie v trhovom prostredí  |c Vladimír Mokrý 
520 |a Základné charakteristiky konjunktúry. Konjunktúrne indikátory - odzrkadľujú vývoj v národnom hospodárstve a príslušné fázy konjunktúrneho cyklu. Fázy konjunktúrneho cyklu: expanzia, kríza, kontrakcia, depresia. Konjunktúrne cykly (krátke, stredné a dlhé vlny). Príčiny konjunktúrneho vlnenia. 
610 2 0 |a konjunktúra hospodárska 
610 2 0 |a cykly hospodárske 
610 2 0 |a recesia 
610 2 0 |a depresia 
610 2 0 |a oživenie 
610 2 0 |a kríza hospodárska 
610 2 0 |a vlnenie konjunktúrne 
610 2 0 |a hospodárstvo trhové 
100 1 |a Mokrý, Vladimír